Abbreviations 2 - Statistics

General Stats
  • This quiz has been taken 20 times
  • The average score is 12 of 32
Answer Stats
Hint Answer % Correct
PIN Personal
75%
Disc
69%
Identification
69%
Number
69%
Machine
63%
ADHD Attention
56%
DVD Digital
56%
Disorder
56%
Teller
56%
Deficit
50%
ATM Automated
38%
Germain
38%
PSG Paris
38%
Saint
38%
Syndrome
38%
Hyperactivity
31%
versus
31%
Format
25%
Good
25%
IIHF International
25%
LG Life´s
25%
PvP Player
25%
Player
25%
Respiratory
25%
SARS Severe
25%
Acute
19%
Federation
13%
GIF Graphics
13%
Hockey
13%
Ice
13%
Interchange
13%
Versatile
13%
No matching quizzes found
Score Distribution
Percent of People with Each Score
Percentile by Number Answered
Your Score History
You have not taken this quiz